Propuesta para la readecuación del plan de manejo en la unidad de manejo para la conservación de guajolote silvestre (Meleagris gallopavo mexicana Gould 1856) en la Congoja San José de Gracia, Aguascalientes (Record no. 105626)
[ view plain ]
| 000 -CABECERA | |
|---|---|
| campo de control de longitud fija | 01369nam a2200337 a 4500 |
| 001 - NÚMERO DE CONTROL | |
| campo de control | 000109164 |
| 003 - IDENTIFICADOR DEL NÚMERO DE CONTROL | |
| campo de control | CHAP |
| 005 - FECHA Y HORA DE LA ÚLTIMA TRANSACCIÓN | |
| campo de control | 20220329144040.0 |
| 008 - DATOS DE LONGITUD FIJA--INFORMACIÓN GENERAL | |
| campo de control de longitud fija | 140408s2013 mx a sm |||||||spa d |
| 010 ## - NÚMERO DE CONTROL DE LA BIBLIOTECA DEL CONGRESO | |
| Número de control de LC | 105626 |
| 011 ## - ENLACE DEL NUMERO DE CONTROL DE LA BIBLIOTECA DEL CONGRESO [OBSOLETO] | |
| Número de control de LC | 106598 |
| 040 ## - FUENTE DE LA CATALOGACIÓN | |
| Centro/agencia transcriptor | CHAP |
| 090 ## - LOCALMENTE ASIGNADO TIPO-LC NÚMERO DE CLASIFICACIÓN (OCLC); NÚMERO DE CLASIFICACIÓN LOCAL (RLIN) | |
| Número de clasificación (OCLC) (R) ; Numero de clasificación, CALL (RLIN) (NR) | Tesis |
| 100 1# - ENTRADA PRINCIPAL--NOMBRE DE PERSONA | |
| Nombre de persona | Marín Cardona, Mayra |
| 9 (RLIN) | 126313 |
| 245 10 - MENCIÓN DE TÍTULO | |
| Título | Propuesta para la readecuación del plan de manejo en la unidad de manejo para la conservación de guajolote silvestre (Meleagris gallopavo mexicana Gould 1856) en la Congoja San José de Gracia, Aguascalientes |
| Medio | [En línea] |
| Mención de responsabilidad, etc. | por Mayra Marín Cardona. |
| 260 ## - PUBLICACIÓN, DISTRIBUCIÓN, ETC. | |
| Lugar de publicación, distribución, etc. | Chapingo, Méx. : |
| Nombre del editor, distribuidor, etc. | El autor., |
| Fecha de publicación, distribución, etc. | 2013. |
| 500 ## - NOTA GENERAL | |
| Nota general | Para ver el contenido del material haga clic en la liga |
| 502 ## - NOTA DE TESIS | |
| Nota de tesis | Tesis (Ing. Agr. Esp. en Forestales) -- UACH. División de Ciencias Forestales |
| 590 ## - NOTA LOCAL (RLIN) | |
| Nota local | BATCH-UPD |
| Procedencia (VM) [OBSOLETO] | 05 |
| Condición del los carretes individuales (VM) [OBSOLETO] | 20141002 |
| -- | UCH01 |
| -- | 0900 |
| 590 ## - NOTA LOCAL (RLIN) | |
| Nota local | E5652GLJ |
| Procedencia (VM) [OBSOLETO] | 05 |
| Condición del los carretes individuales (VM) [OBSOLETO] | 20140408 |
| -- | UCH01 |
| -- | 0919 |
| 590 ## - NOTA LOCAL (RLIN) | |
| Nota local | E5652GLJ |
| Procedencia (VM) [OBSOLETO] | 05 |
| Condición del los carretes individuales (VM) [OBSOLETO] | 20140408 |
| -- | UCH01 |
| -- | 0919 |
| 590 ## - NOTA LOCAL (RLIN) | |
| Nota local | E5652GLJ |
| Procedencia (VM) [OBSOLETO] | 05 |
| Condición del los carretes individuales (VM) [OBSOLETO] | 20140408 |
| -- | UCH01 |
| -- | 1133 |
| 590 ## - NOTA LOCAL (RLIN) | |
| Nota local | E5652GLJ |
| Procedencia (VM) [OBSOLETO] | 05 |
| Condición del los carretes individuales (VM) [OBSOLETO] | 20141029 |
| -- | UCH01 |
| -- | 1324 |
| 650 14 - PUNTO DE ACCESO ADICIONAL DE MATERIA--TÉRMINO DE MATERIA | |
| Término de materia o nombre geográfico como elemento de entrada | Pavos |
| Subdivisión general | Alimentación. |
| 9 (RLIN) | 86301 |
| 650 14 - PUNTO DE ACCESO ADICIONAL DE MATERIA--TÉRMINO DE MATERIA | |
| Término de materia o nombre geográfico como elemento de entrada | Pavos |
| Subdivisión general | Conservación |
| Subdivisión geográfica | San José de Gracia, Ags. |
| 9 (RLIN) | 126312 |
| 650 14 - PUNTO DE ACCESO ADICIONAL DE MATERIA--TÉRMINO DE MATERIA | |
| Término de materia o nombre geográfico como elemento de entrada | Pavos |
| Subdivisión general | Hábitos y conducta. |
| 9 (RLIN) | 86308 |
| 856 ## - LOCALIZACIÓN Y ACCESO ELECTRÓNICOS | |
| Nombre del host | Finding aid |
| Identificador Uniforme del Recurso | <a href="http://10.13.5.2/tesis/sist109164.pdf">http://10.13.5.2/tesis/sist109164.pdf</a> |
| Nota pública | Teclea aquí |
| 901 ## - ELEMENTOS DE DATOS A LOCAL LDA (RLIN) | |
| a | BK |
| 942 ## - ELEMENTOS DE PUNTO DE ACCESO ADICIONAL (KOHA) | |
| Tipo de ítem Koha | Tesis |
| 942 ## - ELEMENTOS DE PUNTO DE ACCESO ADICIONAL (KOHA) | |
| Suprimir en OPAC | 0 |
| Estado de retiro | Estado de pérdida | Fuente del sistema de clasificación o colocación | Estado dañado | No para préstamo | Código de colección | Localización permanente | Ubicación/localización actual | Fecha de adquisición | Información codificada de la localización en otra ubicación | Total de préstamos | Signatura topográfica completa | Código de barras | Fecha visto por última vez | Precio válido a partir de | Tipo de ítem Koha | Número de copia |
|---|---|---|---|---|---|---|---|---|---|---|---|---|---|---|---|---|
| Clasificación Universidad Autónoma de Chapingo | Excluido de préstamo | Tesis | Biblioteca Central | Biblioteca Central | 08/04/2014 | TESIS | Tesis | 33724002367736 | 31/12/2019 | 08/04/2014 | CD | |||||
| Clasificación Universidad Autónoma de Chapingo | Excluido de préstamo | Tesis | Biblioteca Central | Biblioteca Central | 08/04/2014 | TESIS | Tesis | 33724002367777 | 31/12/2019 | 08/04/2014 | CD | c.2 |
